The natural wonders of Sedona : (Record no. 362)

MARC details
000 -LEADER
fixed length control field 00791nam a2200193 a 4500
005 - DATE AND TIME OF LATEST TRANSACTION
control field 20260322212017.0
008 - FIXED-LENGTH DATA ELEMENTS--GENERAL INFORMATION
fixed length control field data
090 ## - LOCALLY ASSIGNED LC-TYPE CALL NUMBER (OCLC); LOCAL CALL NUMBER (RLIN)
Classification number (OCLC) (R) ; Classification number, CALL (RLIN) (NR) DVD 979.1 N388
001 - CONTROL NUMBER
control field data
245 04 - TITLE STATEMENT
Title The natural wonders of Sedona :
Remainder of title timeless beauty /
Statement of responsibility, etc. narrated by John Conway. Filmed and edited by Richard G. Ruehs.
260 ## - PUBLICATION, DISTRIBUTION, ETC.
Place of publication, distribution, etc. Sedona, AZ :
Name of publisher, distributor, etc. Creative Video Productions,
Date of publication, distribution, etc. 2004.
300 ## - PHYSICAL DESCRIPTION
Extent Visual Material : Videorecording : DVD video 1 video disc (45 min.) : col., digital ;
Other physical details 4 3/4 in.
500 ## - GENERAL NOTE
General note Participants: Narrated by John Conway.
520 3# - SUMMARY, ETC.
Summary, etc. The video includes aerial scenes, wildlife, wild flowers, prehistoric Indian ruins, and Sedona's unique movie history.
650 #0 - SUBJECT ADDED ENTRY--TOPICAL TERM
Topical term or geographic name entry element Sedona (Ariz.).
General subdivision Pictorial works.
650 #0 - SUBJECT ADDED ENTRY--TOPICAL TERM
Topical term or geographic name entry element Sedona (Ariz).
General subdivision History.
650 #0 - SUBJECT ADDED ENTRY--TOPICAL TERM
Topical term or geographic name entry element Arizona.
700 1# - ADDED ENTRY--PERSONAL NAME
Personal name Conway, John
Holdings
Withdrawn status Lost status Damaged status Not for loan Home library Current library Shelving location Date acquired Total checkouts Full call number Barcode Date last seen Price effective from Koha item type
        Pleasant Valley Pleasant Valley General stacks 22/03/2026   GEN BC0010372 22/03/2026 22/03/2026 Books